000 00329nam a22001337a 4500
008 260401b ||||| |||| 00| 0 eng d
020 _a 9772232874001821.
041 _aeng
080 _a821.01
100 _a25
101 _aconfe
245 _aRegional Science Conferece with International Participation
942 _2udc
_cBK
999 _c60958
_d60958